Quick Pick: 'AH' Vocabulary Quiz Stats

 Plays Quiz Updated Oct 3, 2018

Challenge
Share
Tweet
Embed
Score 0/10 Timer 01:30
1 Play Today
% Correct
ahoy
95.7%
ahorse
95.1%
ahem
94.5%
ah
93.3%
ahead
93.1%
ahistoric
92.8%
ahi
84.6%
ahull
83.7%
ahimsa
82.2%
ahoge
53.3%

Today's Daily Dose

Word Ladder
Anchorman

Get the Picture
'Head' Bands

You're not logged in!

Compare scores with friends on all Sporcle quizzes.
OR
Log In

You Might Also Like...

Show Comments

Extras

Top Quizzes Today


Score Distribution

Your Account Isn't Verified!

In order to create a playlist on Sporcle, you need to verify the email address you used during registration. Go to your Sporcle Settings to finish the process.

Report this User

Report this user for behavior that violates our Community Guidelines.

Details: